000 00511nam a2200217Ia 4500
003 OSt
005 20230413153137.0
008 210423s2009 xx 000 0 und d
020 _a8180522369
040 _cAL
041 _aeng
082 _a658.45 BHAR
_223
100 _aBHATIA (R C).
_988243
245 _aBusiness communication.
250 _a2
260 _aNew Delhi
_bAne Books
_c2009
300 _axxvi,582
_bPB
365 _b295
_cINR
906 _aBusiness ; communication.
942 _2ddc
_cBK
999 _c159215
_d159215